01615nam a2200169 4500008001600000020001800016082002100034100002400055245007000079260005200149300003600201505093700237650009201174700004401266999001501310952012001325709.729.3 C397a a9789945909746 a709.729.3bC397a aCentro León96499 aAnuario 2017:bcelebrar la identidad y educar a través del arte aSantiago de los CaballerosbCentro Leónc2018 a175 p.bill (col)c30.5 x 23 cm t01 Actividades de cultura e identidadtVII Congreso Internacional Música, Identidad, y Cultura en el Caribe, MIC: Bachatas y cuerdas en las expresiones musicales del CaribetExposición Tesoros del Arte Taínot02 ExposicionestRené del Risco Bermúdez: el oficio de ser joventDalí: Ilustrando GeniostPremio Diario Libre de Arte ContemporáneotLa muñeca Viajera en BlueMallt03 Exposiciones fotográficastWilfredo García: una interpretación fotográfica de la historiatRetratos del más acátLa FronteratDos Años de FotosafaristTodo por Vert04 Educación y comunidadtEntre el museo y las aulastFormando artistas y curadorestMetodología para la Integración de las Artes: Fichas para el diálogotChavón en Centro Leónt05 Cultura participativatDecora tu barrio 2017tCarnavalito 2017tEsfuerzo colectivo: acuerdos de colaboración en el 2017tColaboradores y auspiciadorestYearbook 2017 xarte contemporáneoxRepública Dominicanaxarte - exhibicionesxarte - anuario96500 aNúñez Muñoz, Mario (editor)96501 c1543d1543 00102ddc4070aLVbLVcMonografíasd2018-07-07l0o709.729.3 C397ap004609r2018-07-07 00:00:00w2018-07-07y01